• 首页
  • 本馆介绍
  • 公告通知
  • 最新文献
  • 馆藏检索
  • 电子资源
  • 读者导购
  • 参考咨询
  • 我的图书馆
  • 登录
  • 详细信息显示
  • 放入我的书架
  • 预约/预借图书
  • 作者相关作品
  • 分类相关作品
  • 丛书相关作品
  • 出版社相关作品

书目信息

  • 表格格式
  • 工作单格式
  • 卡片格式
题名:
国际金融组织贷款项目绩效评价典型案例
    
 
作者: 郑晓松 主编 ;财政部 编
分册:  
出版信息: 北京   中国财政经济出版社  2010
页数: 295页
开本: 30cm
丛书名:
单 册:
中图分类: F832.6 , F831.6
科图分类:
主题词: 国际性金融组织--国际信贷--项目评价--中国 , 国际性金融组织 , 国际信贷 , 项目评价
电子资源:
ISBN: 978-7-5095-1970-7
000 01094nam0 22002891 450
001 524
005 20140909165207.46
010    @a978-7-5095-1970-7@dCNY48.00
100    @a20100519d2010 em y0chiy50 ea
101 0  @achi
102    @aCN@b110000
105    @aa z 000yy
106    @ar
200 1  @a国际金融组织贷款项目绩效评价典型案例@AGuo Ji Jin Rong Zu Zhi Dai Kuan Xiang Mu Ji Xiao Ping Jia Dian Xing An Li@f郑晓松主编@g财政部国际司编
210    @a北京@c中国财政经济出版社@d2010
215    @a295页@c图@d30cm
330    @a本书内容包括:世界银行贷款内河二项目(广东省)绩效评价报告、世界银行贷款乌鲁木齐市城市交通改善项目绩效评价报告、亚洲开发银行贷款天津污水处理和水资源保护项目绩效评价报告、世界银行贷款山东环保一期项目绩效评价报告等。
606 0  @a国际性金融组织@x国际信贷@x项目评价@y中国
606 0  @a国际性金融组织
606 0  @a国际信贷
606 0  @a项目评价
690    @aF832.6@v5
690    @aF831.6@v5
701  0 @a郑晓松@AZheng Xiao Song@4主编
712 02 @a财政部@ACai Zheng Bu@b国际司@4编
801  0 @aCN@bTANGWEI@c20140603
905    @b0836433-35@dF832.6@e118@f3
    
    国际金融组织贷款项目绩效评价典型案例/郑晓松主编/财政部国际司编.-北京:中国财政经济出版社,2010
    295页:图;30cm
    
    
    ISBN 978-7-5095-1970-7:CNY48.00
    本书内容包括:世界银行贷款内河二项目(广东省)绩效评价报告、世界银行贷款乌鲁木齐市城市交通改善项目绩效评价报告、亚洲开发银行贷款天津污水处理和水资源保护项目绩效评价报告、世界银行贷款山东环保一期项目绩效评价报告等。
●
相关链接 在E读中查询图书 在五车中查询图书 在当当中查询图书 在豆瓣中查询图书


正题名:国际金融组织贷款项目绩效评价典型案例     索取号:F832.6/118         预约/预借

序号 登录号 条形码 馆藏地/架位号 状态 备注
1 0836433   208364330   第一样本阅览室/ [索取号:F832.6/118] 在馆    
2 0836434   208364349   密集书库-海洋学院/ [索取号:F832.6/118] 在馆    
3 0836435   208364358   第一借阅区/ [索取号:F832.6/118] 在馆    
唐山师范学院图书馆 欢迎您!
大连网信软件有限公司© 版权所有